Web technológie a elektronika
Salvato in:
| Autore principale: | |
|---|---|
| Altri autori: | , |
| Natura: | Manoscritto Libro |
| Lingua: | slovacco |
| Pubblicazione: |
Bratislava :
STU v Bratislave FEI,
2009
|
| Soggetti: | |
| Tags: |
Nessun Tag, puoi essere il primo ad aggiungerne!!
|
MARC
| LEADER | 00000ntm a22000003a 4500 | ||
|---|---|---|---|
| 001 | stu195317 | ||
| 005 | 20150617230022.1 | ||
| 008 | 091102s2009----xo------------------slo-d | ||
| 040 | |a STU |b slo | ||
| 041 | 0 | |a slo | |
| 044 | |a xo | ||
| 100 | 1 | |a Böhmer, Samuel, |d 1983- |4 aut |u E |T FEI Fakulta elektrotechniky a informatiky |X 11044 |U E |Y 30 |7 A000011044 | |
| 245 | 1 | |a Web technológie a elektronika | |
| 260 | |a Bratislava : |b STU v Bratislave FEI, |c 2009 | ||
| 300 | |a 59 s | ||
| 650 | 7 | |a elektronika |2 stusub | |
| 650 | 7 | |a Mikroelektronika |2 stusub | |
| 650 | 7 | |a web technológie |2 stusub | |
| 700 | 1 | |a Stuchlíková, Ľubica, |d 1967- |4 ths |u E030 |U FEI Fakulta elektrotechniky a informatiky |T FEI Ústav elektroniky a fotoniky |X 1997 |U E030 |Y 549 |7 A000001997 | |
| 700 | 1 | |a Benkovská, Jana, |d 1984- |4 ths |u E030 |U FEI Fakulta elektrotechniky a informatiky |T FEI Ústav elektroniky a fotoniky |X 3415 |U E030 |Y 549 |7 A000003415 | |